|
|
|
|
| LEADER |
01064nam a22003257a 4500 |
| 001 |
30671 |
| 003 |
BD-DhAAL |
| 005 |
20151201185046.0 |
| 008 |
150906s2002 bg a|||| |||| 00| 0 eng d |
| 040 |
|
|
|a BD-DhAAL
|c BD-DhAAL
|
| 082 |
|
|
|2 22
|a 307.1412095492
|
| 999 |
|
|
|c 36334
|d 36334
|
| 999 |
|
|
|c 36334
|
| 999 |
|
|
|c 0
|
| 999 |
|
|
|c 35437
|
| 999 |
|
|
|c 35437 | 35436 | 35435 | 35434 | 35433
|
| 999 |
|
|
|c 35436
|
| 999 |
|
|
|c 35435
|
| 999 |
|
|
|c 35434
|
| 999 |
|
|
|c 35433
|
| 245 |
|
|
|a BRAC research reports :
|b 1978 - 2000, titles of studies done by BRAC's Research and Evaluation Division
|
| 260 |
|
|
|a Dhaka :
|b Research and Evaluation Division, BRAC,
|c 2002
|
| 300 |
|
|
|a 91 p. :
|b ill. ;
|c 30 cm.
|
| 541 |
|
|
|e 30671
|
| 610 |
|
|
|a BRAC
|9 14405
|
| 650 |
|
|
|a Rural Development
|z Bangladesh
|9 14406
|
| 710 |
|
|
|a BRAC
|9 14405
|
| 852 |
|
|
|a Ayesha Abed Library
|c BRAC Resource Section
|
| 942 |
|
|
|2 ddc
|c BK
|
| 952 |
|
|
|0 0
|1 0
|2 ddc
|4 0
|6 307_141209549200000_BRA
|7 0
|9 57135
|a BRACUL
|b BRACUL
|c BRS
|d 2015-12-01
|e BRAC
|l 0
|o 307.1412095492 BRA
|p 3010030671
|r 2015-12-01
|t 1
|w 2015-12-01
|y BK
|